| 000 | 00517nam a22001937a 4500 | ||
|---|---|---|---|
| 003 | OSt | ||
| 005 | 20140310183020.0 | ||
| 008 | 130214t xxu||||| |||| 00| 0 eng d | ||
| 020 | _a9711202212 | ||
| 050 |
_aKPM 48.7 _b.Sa195 1998 |
||
| 082 |
_aFil 808 _bSa5 1998 |
||
| 100 |
_aSangco, J.Cezar S. _922910 |
||
| 245 |
_aLegal writing / _bJ. Cezar S. Sangco |
||
| 260 |
_aMakati City _bGoodwill Bookstore _cc1998. |
||
| 300 |
_a133 p. : _c23 cm. |
||
| 541 | _j1 | ||
| 562 | _e1 | ||
| 942 |
_2lcc _cBK-SFU _kFIL |
||
| 999 |
_c18364 _d18364 |
||